| 000 | 01352nac a22002891u 4500 | ||
|---|---|---|---|
| 010 | _a 88209688 | ||
| 020 | _a3598202768 | ||
| 082 | 0 | 0 |
_a025.8403 _bARC |
| 090 |
_c9968 _d9968 |
||
| 100 | _a20080729 | ||
| 245 | 0 | 0 |
_aGlossary of basic archival and library conservation terms : _bEnglish with equivalents in Spanish, German, Italian, French, and Russian / _cedited by Carmen Crespo Nogueira ; compiled by the Committee on Conservation and Restoration, International Council on Archives. |
| 260 |
_aMuÌ(nchen ; _aNew York : _bK.G. Saur,1988 _c1988. |
||
| 300 |
_a151 p. ; _c24 cm. |
||
| 440 | 0 |
_aICA handbooks series ; _vv. 4 |
|
| 500 | _aIncludes index. | ||
| 500 | _aDonations | ||
| 500 | _aDonations: AUC | ||
| 511 | _aCatalogued by: wessam | ||
| 650 | 0 |
_aLibrary science _xDictionaries _xPolyglot. |
|
| 650 | 0 |
_aLibrary materials _xConservation and restoration _xDictionaries _xPolyglot. |
|
| 650 | 0 |
_aArchival materials _xConservation and restoration _xDictionaries _xPolyglot. |
|
| 650 | 0 |
_aManuscripts _xConservation and restoration _xDictionaries _xPolyglot. |
|
| 650 | 0 |
_aBooks _xConservation and restoration _xDictionaries _xPolyglot. |
|
| 700 | 2 | _aCrespo Nogueira, C. | |
| 710 | 2 |
_aInternational Council on Archives. _bConservation and Restoration Committee. |
|
| 942 |
_cBB _k025.8403ARC |
||
| 999 |
_c9968 _d9968 |
||